| Tag |
First Indicator |
Second Indicator |
Subfields |
| LEADER |
00000cam a22000008a 4500 |
| 001 |
in00001083921 |
| 005 |
20150929110347.0 |
| 008 |
911114s1992 cau b 000 0 eng |
| 010 |
|
|
|a 91043741
|
| 020 |
|
|
|a 0833012142
|
| 035 |
|
|
|a (OCoLC)24954108
|
| 035 |
|
|
|9 AFQ2535AM
|
| 040 |
|
|
|a DLC
|c DLC
|d TXA
|d UtOrBLW
|
| 043 |
|
|
|a e------
|a n-us---
|
| 049 |
|
|
|a TXAM
|
| 050 |
0 |
0 |
|a HD9743.E9462
|b S75 1992
|
| 082 |
0 |
0 |
|a 338.4/76233/094
|2 20
|
| 100 |
1 |
|
|a Steinberg, James.
|
| 245 |
1 |
4 |
|a The transformation of the European defense industry :
|b emerging trends and prospects for future U.S. competition and collaboration /
|c James B. Steinberg ; prepared for the Under Secretary of Defense for Acquisition.
|
| 263 |
|
|
|a 9201
|
| 264 |
|
1 |
|a Santa Monica, CA :
|b Rand,
|c 1992.
|
| 300 |
|
|
|a 123 pages :
|b illustrations
|
| 336 |
|
|
|a text
|b txt
|2 rdacontent
|
| 337 |
|
|
|a unmediated
|b n
|2 rdamedia
|
| 338 |
|
|
|a volume
|b nc
|2 rdacarrier
|
| 500 |
|
|
|a "R-4141-ACQ."
|
| 504 |
|
|
|a Includes bibliographical references (pages 119-123).
|
| 500 |
|
|
|a Rand Library Collection--Label on cover.
|
| 650 |
|
0 |
|a Defense industries
|z Europe.
|
| 650 |
|
0 |
|a Defense industries
|z United States.
|
| 710 |
1 |
|
|a United States.
|b Office of the Under Secretary of Defense, Acquisition.
|
| 710 |
2 |
|
|a Rand Corporation.
|
| 999 |
|
|
|a MARS
|
| 999 |
f |
f |
|s 484e40fe-7f66-3d2c-9758-1ab4e262332b
|i 029484b8-fb0f-391c-b604-3745593a1d10
|t 0
|
| 952 |
f |
f |
|p ric
|a Texas A&M University
|b Rellis Campus
|c Joint Library Facility
|d Remote Storage
|t 0
|e HD9743.E9462 S75 1992
|h Library of Congress classification
|i unmediated -- volume
|m A14816047520
|
| 998 |
f |
f |
|a HD9743.E9462 S75 1992
|t 0
|l Remote Storage
|